Mathematics & Statistics XII Paper - II (Science & Arts) (Record no. 796947)

MARC details
000 -LEADER
fixed length control field 00629nam a2200217Ia 4500
008 - FIXED-LENGTH DATA ELEMENTS--GENERAL INFORMATION
fixed length control field 101110s9999 xx 000 0 und d
041 ## - LANGUAGE CODE
Language code of text/sound track or separate title ENGLISH
082 ## - DEWEY DECIMAL CLASSIFICATION NUMBER
Item number JR6154
100 ## - MAIN ENTRY--PERSONAL NAME
Personal name Sadegaonkar S.D.
245 ## - TITLE STATEMENT
Title Mathematics & Statistics XII Paper - II (Science & Arts)
260 ## - PUBLICATION, DISTRIBUTION, ETC. (IMPRINT)
Date of publication, distribution, etc 2008
Name of publisher, distributor, etc Vidyadharati prakashan, Latur
300 ## - PHYSICAL DESCRIPTION
Extent 414
365 ## - TRADE PRICE
Price amount 80
520 ## - SUMMARY, ETC.
Summary, etc mathematics
546 ## - LANGUAGE NOTE
Language note ENGLISH
630 ## - SUBJECT ADDED ENTRY--UNIFORM TITLE
Uniform title Mathematics & Statistics XII Paper - II (Science & Arts)
650 ## - SUBJECT ADDED ENTRY--TOPICAL TERM
Topical term or geographic name as entry element mathematics
655 ## - INDEX TERM--GENRE/FORM
Genre/form data or focus term mathematics
730 ## - ADDED ENTRY--UNIFORM TITLE
Uniform title Mathematics & Statistics XII Paper - II (Science & Arts)
942 ## - ADDED ENTRY ELEMENTS (KOHA)
Koha item type Book
Holdings
Withdrawn status Lost status Damaged status Not for loan Home library Current library Date acquired Source of acquisition Cost, normal purchase price Shelving control number Total Checkouts Barcode Date last seen Price effective from Koha item type
        D. B. J. College, Chiplun D. B. J. College, Chiplun   Shri gajanan book depo,chipln bill no.117 dt.29/7/09 80.00     DBJJR6154 11/11/2010 11/11/2010 Book